| 000 | 00513 a2200181 4500 | ||
|---|---|---|---|
| 003 | Nust | ||
| 005 | 20230131085451.0 | ||
| 010 | _a 74078554 | ||
| 020 | _a0871284863 : | ||
| 040 | _cNust | ||
| 082 | 0 | 0 | _a795.415,MIL |
| 100 | 1 |
_aMiller, Richard A., _9108141 |
|
| 245 | 1 | 0 |
_aBridge brilliance & blunders / _cRichard A. Miller. |
| 260 |
_aPrinceton, N.J. : _bDow Jones Books, _c[1974] |
||
| 300 |
_a219 p. : _bill. ; _c21 cm. |
||
| 650 | 0 |
_aContract bridge _xMiscellanea. _9108142 |
|
| 942 |
_2ddc _cBK _k795.415,MIL |
||
| 999 |
_c186003 _d186003 |
||